Projektovanie a využívanie ASR v priemysle zbierka príkladov

Na minha lista:
Detalhes bibliográficos
Autor principal: Lacík, Tomáš
Autor Corporativo: Vysoká škola ekonomická v Bratislave. Fakulta ekonomiky a riadenia výrobných odvetví
Outros Autores: Ivanička, Koloman, Zvolenský, V.
Formato: Livro
Idioma:eslovaco
Publicado em: Bratislava Vysoká škola ekonomická 1982
Tags: Adicionar Tag
Sem tags, seja o primeiro a adicionar uma tag!

MARC

LEADER 00000nam a2200000 4500
001 c128982
005 20221220095932.7
041 0 |a slo 
044 |a SK 
245 1 0 |a Projektovanie a využívanie ASR v priemysle  |b zbierka príkladov  |c Tomáš Lacík, K. Ivanička a V. Zvolenský 
264 1 |a Bratislava  |b Vysoká škola ekonomická  |c 1982 
300 |a 170 s. 
100 1 |a Lacík, Tomáš 
700 1 |a Ivanička, Koloman 
700 1 |a Zvolenský, V. 
710 2 |a Vysoká škola ekonomická v Bratislave. Fakulta ekonomiky a riadenia výrobných odvetví